[Event "Augsburg Afro op-A 18th"]
[Site "Augsburg"]
[Date "2011.08.06"]
[Round "6"]
[White "Walker, Kevin"]
[Black "Wulff, Christopher"]
[Result "0-1"]
[WhiteElo "1560"]
[BlackElo "1955"]
[PlyCount "62"]
[EventDate "2011.08.04"]
[EventType "swiss"]
[EventRounds "7"]
[EventCountry "GER"]
[SourceTitle "EXT 2015"]
[Source "ChessBase"]
[SourceDate "2014.11.20"]
[SourceVersion "1"]
[SourceVersionDate "2014.11.20"]
[SourceQuality "1"]

1. e4 c5 2. Nf3 e6 3. d4 cxd4 4. Nxd4 a6 5. c4 d6 6. Be2 Qc7 7. Nc3 Nf6 8. a3 Be7 9. 0-0 0-0 10. Qd3 Nbd7 11. f4 Rd8 12. b4 b6 13. Qg3 Ne8 14. f5 Bf6 15. Nc2 Ne5 16. Ne3 b5 17. fxe6 fxe6 18. Ned5 exd5 19. Nxd5 Qf7 20. Nxf6+ Nxf6 21. Bg5 Nxe4 22. Qh4 Qa7+ 23. Kh1 Nxg5 24. Qxg5 Be6 25. cxb5 axb5 26. Bxb5 Rdb8 27. Rf6 Rxb5 28. Rxe6 Nd3 29. Qe3 Qxe3 30. Rxe3 Nxb4 31. Rb3 Rbb8 0-1

[Event "Augsburg Afro op-A 18th"]
[Site "Augsburg"]
[Date "2011.08.06"]
[Round "5"]
[White "Wulff, Christopher"]
[Black "Lang, Ludwig"]
[Result "1-0"]
[WhiteElo "1955"]
[BlackElo "1443"]
[PlyCount "67"]
[EventDate "2011.08.04"]
[EventType "swiss"]
[EventRounds "7"]
[EventCountry "GER"]
[SourceTitle "EXT 2015"]
[Source "ChessBase"]
[SourceDate "2014.11.20"]
[SourceVersion "1"]
[SourceVersionDate "2014.11.20"]
[SourceQuality "1"]

1. e4 d5 2. exd5 Qxd5 3. d4 Nc6 4. Nf3 e6 5. c4 Qd7 6. Nc3 Nf6 7. Be2 Be7 8. 0-0 0-0 9. Qd3 Nb4 10. Qb1 a6 11. a3 Nc6 12. Rd1 Na7 13. Bf4 Bd6 14. Ne5 Qe7 15. Bg5 h6 16. Bh4 g5 17. Bg3 c6 18. h4 Nd7 19. hxg5 Qxg5 20. Ne4 Qe7 21. Nxd6 f6 22. Ng6 Qg7 23. Nxf8 Nxf8 24. Nxc8 Rxc8 25. Qe4 Qg6 26. Qxg6+ Nxg6 27. Bg4 Nf8 28. Re1 f5 29. Bf3 b5 30. d5 exd5 31. cxd5 cxd5 32. Bxd5+ Kg7 33. Re7+ Kf6 34. Bh4+ 1-0

[Event "Augsburg Afro op-A 18th"]
[Site "Augsburg"]
[Date "2011.08.05"]
[Round "4"]
[White "Klapper, Juergen"]
[Black "Wulff, Christopher"]
[Result "1/2-1/2"]
[WhiteElo "1838"]
[BlackElo "1955"]
[PlyCount "110"]
[EventDate "2011.08.04"]
[EventType "swiss"]
[EventRounds "7"]
[EventCountry "GER"]
[SourceTitle "EXT 2015"]
[Source "ChessBase"]
[SourceDate "2014.11.20"]
[SourceVersion "1"]
[SourceVersionDate "2014.11.20"]
[SourceQuality "1"]

1. d4 d5 2. c4 Nc6 3. e3 e5 4. c5 exd4 5. exd4 Nf6 6. Nf3 Be7 7. Bb5 Bd7 8. Bxc6 Bxc6 9. Nc3 0-0 10. 0-0 Ne4 11. Ne5 Be8 12. Qb3 Nxc3 13. Qxc3 f6 14. Nd3 c6 15. Re1 Qd7 16. Bf4 g5 17. Rxe7 Qxe7 18. Bd6 Qd7 19. Bxf8 Kxf8 20. Re1 Bg6 21. Nc1 Re8 22. Rxe8+ Qxe8 23. Qe3 Qxe3 24. fxe3 Ke7 25. Ne2 Ke6 26. Nc3 Bd3 27. Kf2 h5 28. b4 h4 29. a4 a5 30. bxa5 f5 31. g3 hxg3+ 32. hxg3 Kd7 33. Ke1 Kc7 34. Kd2 Bf1 35. Nd1 Kd7 36. Ke1 Bd3 37. Kd2 Be4 38. Nc3 Ke6 39. Na2 Bg2 40. Ke1 Kd7 41. Nb4 Kc7 42. a6 bxa6 43. Nxa6+ Kb7 44. Nb4 Be4 45. a5 Bf3 46. a6+ Ka7 47. Nxc6+ Kxa6 48. Ne7 Be4 49. c6 Kb6 50. Ke2 g4 51. Ng6 Kxc6 52. Nf4 Kb5 53. Ke1 Kc4 54. Kd2 Kb3 55. Ne6 Kb2 1/2-1/2

[Event "Augsburg Afro op-A 18th"]
[Site "Augsburg"]
[Date "2011.08.04"]
[Round "2"]
[White "Weber, Daniel"]
[Black "Wulff, Christopher"]
[Result "1-0"]
[WhiteElo "1713"]
[BlackElo "1955"]
[PlyCount "45"]
[EventDate "2011.08.04"]
[EventType "swiss"]
[EventRounds "7"]
[EventCountry "GER"]
[SourceTitle "EXT 2015"]
[Source "ChessBase"]
[SourceDate "2014.11.20"]
[SourceVersion "1"]
[SourceVersionDate "2014.11.20"]
[SourceQuality "1"]

1. d4 d5 2. Nf3 Nc6 3. e3 Bg4 4. Nbd2 Nf6 5. b3 e6 6. Bb2 Bd6 7. a3 0-0 8. h3 Bh5 9. Bd3 Qe7 10. 0-0 e5 11. Be2 e4 12. Ne5 Bxe2 13. Nxc6 bxc6 14. Qxe2 Nd7 15. Qa6 Qe6 16. Kh1 Nb6 17. c4 Be7 18. Rac1 f5 19. cxd5 Qh6 20. Rxc6 Bd6 21. Nc4 Rf6 22. Nxd6 Nxd5 23. Nxf5 1-0

[Event "Erbendorf op"]
[Site "Erbendorf"]
[Date "2009.06.13"]
[Round "5"]
[White "Eulering, Georg"]
[Black "Wulff, Christopher"]
[Result "1-0"]
[WhiteElo "2103"]
[BlackElo "1901"]
[PlyCount "43"]
[EventDate "2009.06.11"]
[EventType "swiss"]
[EventRounds "7"]
[EventCountry "GER"]
[SourceTitle "CBM 130 Extra"]
[Source "ChessBase"]
[SourceDate "2009.07.02"]
[SourceVersion "2"]
[SourceVersionDate "2009.07.15"]
[SourceQuality "1"]

1. e4 c5 2. c3 d5 3. exd5 Qxd5 4. d4 Nf6 5. Nf3 Nc6 6. dxc5 Qxd1+ 7. Kxd1 e5 8. b4 Bg4 9. Kc2 0-0-0 10. Bb5 Bxf3 11. gxf3 Nd5 12. a3 Be7 13. Nd2 Rhe8 14. Nc4 Bf8 15. Re1 f6 16. Be3 Kc7 17. Rad1 Nxe3+ 18. fxe3 Rxd1 19. Rxd1 Rd8 20. Rg1 g5 21. e4 Rd7 22. Ne3 1-0